Elementary differential topology

-д хадгалсан:
Номзүйн дэлгэрэнгүй
Үндсэн зохиолч: Munkres, James Raymond (Зохиогч)
Формат: Ном
Хэл сонгох:англи
Хэвлэсэн: Princeton Princeton University 1966
Нөхцлүүд:
Шошгууд: Шошго нэмэх
Шошго байхгүй, Энэхүү баримтыг шошголох эхний хүн болох!

MARC

LEADER 00000nam a2200000 a 4500
001 UCP1615
003 CL-VaPUC
008 990416e19660000us |||||||||||||||||eng|d
082 0 4 |a 514.72  |b MUN  |2 21 
100 |a Munkres, James Raymond  |e author  |9 305022 
245 1 0 |a Elementary differential topology 
300 |a 112 p 
942 |c BK 
945 |d 19990416 00:00:00  |a crobeson 
260 |a Princeton  |b Princeton University  |c 1966 
650 0 |a Topología diferencial  |9 423983 
650 0 |a Variedades diferenciales  |9 270032 
650 0 |a Funciones analíticas  |9 270036 
650 0 |a Álgebra lineal   |9 260445 
650 0 |a Números complejos  |9 270335 
650 0 |a Análisis complejo   |9 260214 
583 |a last modification  |c 20171205 04:37:23  |k Rodrigo Vera 
999 |c 280282  |d 280280 
952 |0 0  |1 0  |4 0  |6 514_720000000000000_MUN_1966  |7 0  |8 A  |9 320530  |a BIBMAT  |b BIBMAT  |d 2019-11-20  |i 1343432  |o 514.72 MUN 1966  |p 1343432  |r 2025-01-07  |w 2019-11-20  |y BK  |k MAT